TB. OF MEDICINE FOR MBBS 2 VOLUME SET (Record no. 20977)

MARC details
000 -LEADER
fixed length control field 00352nam a22001577a 4500
003 - CONTROL NUMBER IDENTIFIER
control field SGT
020 ## - INTERNATIONAL STANDARD BOOK NUMBER
International Standard Book Number 9788178555508
082 ## - DEWEY DECIMAL CLASSIFICATION NUMBER
Classification number 616.024
Item number M19C
100 ## - MAIN ENTRY--PERSONAL NAME
Personal name CHUGH, S.N.
245 ## - TITLE STATEMENT
Title TB. OF MEDICINE FOR MBBS 2 VOLUME SET
250 ## - EDITION STATEMENT
Edition statement 4TH
260 ## - PUBLICATION, DISTRIBUTION, ETC. (IMPRINT)
Place of publication, distribution, etc INDIA
Name of publisher, distributor, etc ARYA PUB
Year of Publication 2019
300 ## - PAGE DESCRIPTION
No. of Pages 716,1363
650 ## - SUBJECT ADDED ENTRY--TOPICAL TERM
Topical term or geographic name as entry element MEDICINE
942 ## - ADDED ENTRY ELEMENTS (KOHA)
Source of classification or shelving scheme Dewey Decimal Classification
Koha item type Books
942 ## - ADDED ENTRY ELEMENTS (KOHA)
-- 124
Holdings
Withdrawn status Lost status Source of classification or shelving scheme Damaged status Not for loan Collection code Home library Current library Shelving location Date acquired Vendor Name Cost, normal purchase price Volume Information (Serial or Books or Non-Book Material) SGTU Bill Number Total Checkouts Full call number Accession No. (Barcode) Checked out Date last seen Date last borrowed Bill Date Koha item type Total Renewals
    Dewey Decimal Classification     MEDICAL SGT Medical Library SGT Medical Library Text Book 27/03/2021 ABC DELHI 1795.00 VOLUME -1 SGTU 12725 37 616.024 M19C FM12302 03/06/2026 20/05/2026 20/05/2026 19/02/2021 Books  
    Dewey Decimal Classification     MEDICAL SGT Medical Library SGT Medical Library Text Book 27/03/2021 ABC DELHI 1795.00 VOLUME -1 SGTU 12725 35 616.024 M19C FM12303   23/12/2025 09/12/2025 19/02/2021 Books  
    Dewey Decimal Classification     MEDICAL SGT Medical Library SGT Medical Library Text Book 27/03/2021 ABC DELHI 1795.00 VOLUME -1 SGTU 12725 33 616.024 M19C FM12304   09/06/2025 28/05/2025 19/02/2021 Books 2
    Dewey Decimal Classification     MEDICAL SGT Medical Library SGT Medical Library Text Book 27/03/2021     VOLUME -2 SGTU 12725 12 616.024 M19C FM12305   10/06/2024 10/06/2024 19/02/2021 Books  
    Dewey Decimal Classification     MEDICAL SGT Medical Library SGT Medical Library Text Book 27/03/2021     VOLUME -2 SGTU 12725 15 616.024 M19C FM12306   01/04/2026 26/03/2026 19/02/2021 Books 2
    Dewey Decimal Classification     MEDICAL SGT Medical Library SGT Medical Library Text Book 27/03/2021     VOLUME -2 SGTU 12725 17 616.024 M19C FM12307   09/06/2025 28/05/2025 19/02/2021 Books 2